000 01094cam a22003257a 4500
003 CHAP
005 20220817041053.0
008 971013s1991 r 00010 d
010 _a5761
011 _a6733
035 _a5956
040 _cCHAP
090 _aFolleto 13882
100 0 0 _aLeszczyñska-Borys, Helena.
_966364
245 0 _aPotencial genético ornamental de la tierra mexicana
260 _aPuebla, Pue. :
_bUniversidad Popular Autónoma del Estado de Puebla. Escuela de Fitotecnia,
_c1991
300 _a26 p.
_b: ilus.
490 0 _aManuales de horticultura ornamental
_v; 5
590 _aBATCH-UPD
_b10
_c20130110
_lUCH01
_h0228
590 _aBATCH-UPD
_b10
_c20130110
_lUCH01
_h1506
590 _aBATCH-UPD
_b10
_c20130409
_lUCH01
_h2250
590 _aBATCH-UPD
_b10
_c20130914
_lUCH01
_h1420
590 _aCONVERSION
_b10
_c20130109
_lUCH01
_h1304
650 1 4 _aFloricultura.
_941822
650 1 4 _aPlantas ornamentales.
830 0 _aManuales de horticultura ornamental
_v; 5
_970663
901 _aBK
942 _cFOLL
949 _aFolleto 13882
_bBC
_cFOLL
_d-15555
_eTS1
_i5956
_si
999 _c5761
_d5761